"Kiss Off" Violent Femmes Lyrics - Statistics

General Stats
  • This quiz has been taken 32 times
  • The average score is 129 of 163
Answer Stats
Lyrics % Correct
a
100%
but
100%
for
100%
I
100%
kiss
100%
me
100%
my
100%
off
100%
on
100%
one, one, one
100%
so
100%
the
100%
to
100%
two, two, two
100%
you
100%
all
92%
and
92%
be
92%
can
92%
do
92%
eight
92%
eight, eight,
92%
five, five, five
92%
forget
92%
four, four, four
92%
into
92%
it
92%
just
92%
nine, nine, nine
92%
n-n-n-n-no
92%
seven, seven,
92%
six, six, six
92%
three, three, three
92%
time
92%
was
92%
what
92%
'cause
85%
could
85%
don't
85%
go
85%
heartache
85%
left
85%
ten, ten, ten
85%
they
85%
this
85%
your
85%
air
77%
back
77%
behind
77%
everything
77%
family
77%
lost
77%
love
77%
mind
77%
talk
77%
that
77%
tomorrow
77%
yeah
77%
care
69%
down
69%
is
69%
it's
69%
know
69%
lonely
69%
permanent
69%
record
69%
take
69%
well,
69%
well
69%
will
69%
won't
69%
bad,
62%
get
62%
hope
62%
hurt
62%
I'm
62%
need
62%
not
62%
person
62%
see
62%
someone,
62%
someone
62%
sorrow
62%
stare
62%
habit
54%
panic
54%
start
54%
they'll
54%
darling
46%
enough,
46%
gets
46%
headaches
46%
oh
46%
rough,
46%
situation
46%
then
46%
distressed
38%
sick
38%
god
31%
you're
31%
did
23%
impressed
23%
kid,
23%
mention
23%
happen
15%
who'd
15%
hey,
8%
No matching quizzes found
Score Distribution
Percent of People with Each Score
Percentile by Number Answered
Your Score History
You have not taken this quiz